| 000 | 00432fam a2200157 a 4500 | ||
|---|---|---|---|
| 020 | _a0520201574 (pbk.) | ||
| 020 | _a0520080483 (alk. paper) | ||
| 040 | _cDLC | ||
| 082 | 0 | 0 | _a959 UNI 1993 A100 Or. |
| 100 | 1 | _aJamieson, Neil L. | |
| 245 | 1 | 0 | _aUnderstanding Vietnam / |
| 260 |
_aBerkeley : _bUniversity of California Press, _cc1993. |
||
| 300 |
_axv, 428 p. ; _c24 cm. |
||
| 500 | _a"A Philip E. Lilienthal book." | ||
| 942 | _cEK | ||
| 999 |
_c12490 _d12490 |
||